Improving programs designed to protect at-risk youth : hearing before the Subcommittee on Human Resources of the Committee on Ways and Means, U.S. House of Representatives, One Hundred Twelfth Congress, first session, June 16, 2011.

Bibliographic Details
Corporate Author: United States. Congress. House. Committee on Ways and Means. Subcommittee on Human Resources
Format: Government Document eBook
Language:English
Published: Bethesda, Md. : ProQuest, 2011.
Subjects:
Online Access:Electronic resource (PDF)

MARC

Tag First Indicator Second Indicator Subfields
LEADER 00000cam a22000001a 4500
001 in00004103321
005 20200117093051.0
006 m d f
007 cr bn mmmapmmp
008 120217s2011 mdua ob f000 0 eng d
035 |a chdc20121202 
040 |a UMI  |c UMI  |d UtOrBLW 
043 |a n-us--- 
086 0 |a Y 4.W 36:112-HR 4 
110 1 |a United States.  |b Congress.  |b House.  |b Committee on Ways and Means.  |b Subcommittee on Human Resources.  |0 http://id.loc.gov/authorities/names/no89014710 
245 1 0 |a Improving programs designed to protect at-risk youth :  |b hearing before the Subcommittee on Human Resources of the Committee on Ways and Means, U.S. House of Representatives, One Hundred Twelfth Congress, first session, June 16, 2011. 
264 1 |a Bethesda, Md. :  |b ProQuest,  |c 2011. 
300 |a iii, 226 pages :  |b illustrations, digital, PDF file. 
336 |a text  |b txt  |2 rdacontent 
337 |a computer  |b c  |2 rdamedia 
338 |a online resource  |b cr  |2 rdacarrier 
500 |a Shipping list number: 2012-0177-P. 
504 |a Includes bibliographical references. 
500 |a "Serial number 112-HR4." 
500 |a Record is based on bibliographic data in ProQuest Congressional Hearings Digital Collection. Reuse except for individual research requires license from ProQuest, LLC. 
500 |a Electronic resource. 
533 |a Electronic reproduction.  |b [Bethesda, Md.] :  |c ProQuest,  |d 2012.  |e digital, PDF file.  |n ProQuest Congressional Hearings Digital Collection.  |n Mode of access: World Wide Web via ProQuest website. 
538 |a System requirements: PDF reader software. 
650 0 |a Family policy  |z United States.  |0 http://id.loc.gov/authorities/subjects/sh2008103536 
650 0 |a Adoption  |x Government policy  |z United States. 
650 0 |a Foster home care  |x Government policy  |z United States. 
650 0 |a Child welfare  |x Government policy  |z United States.  |0 http://id.loc.gov/authorities/subjects/sh2009118930 
650 0 |a Children  |x Services for  |z United States  |x Finance. 
650 0 |a Foster children  |x Services for  |z United States  |x Finance. 
650 0 |a Family services  |z United States  |x Finance. 
776 0 8 |i Print version:  |a United States. Congress. House. Committee on Ways and Means. Subcommittee on Human Resources.  |t Improving programs designed to protect at-risk youth  |w (OCoLC)777246350  |z 9780160903830  |z 0160903831 
776 0 8 |i Microfiche version:  |a United States. Congress. House. Committee on Ways and Means. Subcommittee on Human Resources.  |t Improving programs designed to protect at-risk youth  |d [Bethesda, Md.] : ProQuest,[2012]  |o CIS 2012 H781-18  |w (ProQuest)cis01202014  
856 4 0 |u http://proxy.library.tamu.edu/login?url=http://search.proquest.com/congcomp/getdoc?HEARING-ID=HRG-2011-WAM-0022  |y Electronic resource (PDF)  |t 0 
998 |a cis01202014  
999 f f |s d1c22b56-12cb-39ea-9045-5b0f536e1ecb  |i a012add0-8891-36dd-8cf3-477f71e7faa4  |t 0 
952 f f |a Texas A&M University  |b College Station  |c Electronic Resources  |d Available Online  |t 0  |e Y 4.W 36:112-HR 4  |h Superintendent of Documents classification 
998 f f |a Y 4.W 36:112-HR 4  |t 0  |l Available Online